000 00303nam a2200121Ia 4500
008 190802s9999 xx 000 0 und d
020 _a978-81-265-7183-3
100 _aNorman S. Nise
245 0 _aNise's Control Systems Engineering
260 _aNew Delhi
_bWiley
_c2018
300 _a919:p
942 _cBK
999 _c2567
_d2567